000 01270nam0a22002891 4500
001 rc\2993900
005 20250806211756.0
035 _a(NLR Aleph) 007137753
090 _a70438
_c70438
100 _a20110916d1941 u y0rusy50 ca
101 0 _arus
102 _aRU
105 _ab z |||||
200 1 _aМетодика установления дифенцированных норм выработки и расхода горючего на тракторных работах в МТС
_fС.К. Гусев, А.Г. Козлов
_gПод. ред. М.П. Горшкова
210 _a[Воронеж]
_cВоронеж. обл. кн-во
_d1941
215 _a144 с.
_cграф., карт.
_d22 см
225 1 _aТруды Воронежского научно-исследовательского института экономики сельского хозяйства
_vВып. 3
700 1 _aГусев
_bС.К.
_gСерафим Константинович
701 1 _aКозлов
_bА.Г.
702 1 _aГоршков
_bМ.П.
_4340
801 0 _aRU
_bNLR
_gpsbo
801 1 _aRU
_bELAR
_2rusmarc
852 _aNLR
_jП22/1943
942 _cBOOK
945 _aРоссийская национальная библиотека
980 _aNB
980 _aBV